[Event "Sigeman & Co 11th"]
[Site "Malmo"]
[Date "2003.05.02"]
[Round "4"]
[White "Hector, Jonny"]
[Black "Hansen, Curt"]
[Result "1-0"]
[WhiteElo "2553"]
[BlackElo "2610"]
[Annotator "Ribli,Z"]
[PlyCount "97"]
[EventDate "2003.04.29"]
[EventType "tourn"]
[EventRounds "9"]
[EventCountry "SWE"]
[EventCategory "13"]
[SourceTitle "CBM 095"]
[Source "ChessBase"]
[SourceDate "2003.07.25"]
[SourceVersion "1"]
[SourceVersionDate "2003.07.25"]
[SourceQuality "1"]

1. e4 c5 2. Nf3 Nc6 3. d4 cxd4 4. Nxd4 e6 5. Nc3 a6 {Das ist eine heutzutage
relativ selten gespielte Variante im Paulsensystem. Die Alternative 5...Qc7
ist mehr in der Mode.} 6. Be3 (6. Nxc6 bxc6 7. Bd3) 6... Nf6 7. g4 {Der
schwedische Grossmeister spielt gerne die scharfen Varianten. Dieser Bauernzug
erinnert mich an die Keres Variante.} (7. Bd3) 7... Bb4 (7... h6 8. Bg2 (8. f4
Bb4 9. Bg2 Qa5 10. Nxc6 Bxc3+ 11. bxc3 Qxc3+ 12. Kf2 bxc6 13. Bd4 Qa5 14. c4
Nxg4+ {0-1 Gonzalez,E-Blazquez,J/Santa Cruz de Tenerife 2001/EXT 2003 (41)})
8... Qc7 9. h3 Nxd4 10. Qxd4 e5 11. Qb6 Qxb6 12. Bxb6 d6 13. O-O-O Be6 14. Bc7
Kd7 15. Ba5 Rb8 16. f4 b6 17. Bb4 Kc7 18. Rhf1 exf4 19. Rxf4 Be7 20. e5 dxe5
21. Bxe7 exf4 22. Bd6+ Kc8 23. Bxf4 {1/2-1/2 Hector,J-Andersson,U/Sweden 2000/
EXT 2002 (63)}) (7... d5 8. g5 Nxe4 9. Nxe4 dxe4 10. Nxc6 Qxd1+ 11. Rxd1 bxc6
12. Bg2 Bd7 13. Bxe4 {1/2-1/2 Hvenekilde,J-Jensen,V/Aarhus 1976/EXT 2000 (31)})
8. Bg2 (8. Nxc6 bxc6 9. g5 Nxe4 10. Qd4 Nxc3 11. bxc3 Bf8 12. Rb1 d5 13. Qa4
Bd7 14. Qf4 Be7 {0-1 Isaabadi,J-Hannanisefat,D/Fajr 2001/CBM 80 ext (29)}) 8...
d5 {Dieser Zug erscheint logisch, aber im folgenden bekommt Weiss gefaehrliche
Initiative.} (8... h6 $5) 9. g5 $1 {[%mdl 4]} (9. exd5 $6 Nxd5 $36) 9... Nxe4
10. Nxc6 bxc6 (10... Nxc3 11. Qd4 (11. Nxd8 Nxd1+ 12. Kxd1 Kxd8 $17) 11... Nb5+
(11... bxc6 12. Qxb4 $44 (12. Qxg7 Rf8 13. bxc3 Ba3)) 12. Qxb4 bxc6 13. O-O-O
$44) 11. Bxe4 Bxc3+ (11... dxe4 12. Qxd8+ Kxd8 13. O-O-O+ Ke7 14. Nxe4 $16) 12.
bxc3 dxe4 13. Qxd8+ Kxd8 14. O-O-O+ {Nach Vereinfachungen sind wir direkt im
Endspiel gelandet.} Kc7 15. Bf4+ Kb7 16. Be5 $36 {[%csl Rb7,Rc8,Ge5] Weiss hat
zwar noch einen Bauern weniger, aber es haengt der g7-Bauer und es droht
gleichzeitig 17.Rhe1.} f6 {Schwarz gibt den Bauern zurueck moechte dafür
Aktivitaet bekommen.} (16... Rg8 17. Rhe1 $36) 17. gxf6 gxf6 18. Bxf6 Rf8 19.
Be5 (19. Bd4 e5 20. Bxe5 Rxf2 $11) 19... Rf5 $6 (19... Rxf2 $5 20. Rhg1 Rf7 21.
Rge1 c5 22. Rxe4 $36) 20. Bg3 $14 {[%csl Gg3][%cal Gg3b8] Der Laufer steht
ausgezeichnet auf g3 und kontrolliert die wichtigen dunklen Felder auf dem
Damenfluegel.} Ra5 21. Rd4 (21. Rhe1 $6 Rxa2 $11) 21... e5 {Mit diesem Zug
moechte Schwarz endlich den Bc8 entwickeln.} (21... Rxa2 22. Kd2 $40 {[%cal
Rh1b1,Rb1b7]}) 22. Rb4+ Ka7 23. Rd1 Bf5 (23... Rd5 24. Rxe4 $16) (23... Rxa2
24. Rd6 Rb8 25. Rxc6 $14) 24. Rd6 {[%csl Ra7,Gb4,Gd6,Gg3] Die weissen Figuren
stehen aktiv, während Schwarz Probleme mit der Figurenkoordination hat.} Rc8 $6
(24... c5 $5) 25. Rf6 Bg6 26. Re6 {[%csl Re5][%cal Re6e7,Re7a7]} Rb8 (26... Rb5
27. a4 (27. Bxe5 c5 28. Rb3 $14) 27... Rxb4 28. cxb4 $14) 27. Bxe5 Rxb4 28.
cxb4 Rxa2 29. Rxc6 $16 {[%csl Gc6,Ge5][%mdl 4096] Weiss hat einen Bauern mehr
und aktives Figurenspiel.} Kb7 30. Rc5 Ra3 {[%cal Ga3h3]} 31. Bc3 {[%csl Ra3]
Der schwarze Turm ist eingeschlossen - es droht jetzt 32.Kb2 Ra4 33.Rb3.} Bf7
32. h4 $1 {[%csl Gh4]} Kb6 33. Kd2 Ra2 34. h5 Kb7 (34... Bb3 35. Bd4 $16) 35.
Bd4 Ra3 36. c3 Ra1 (36... Ra2+ 37. Ke3 $16) 37. Rf5 Bc4 38. Rg5 {[%csl Rh7]
[%cal Rg5g7,Rg7h7,Rg7b7]} Rh1 39. Rg7+ Kc6 40. Rxh7 $18 {[%csl Gh5] Weiss hat
schon zwei Bauern mehr und sein h-Bauer ist praktisch unhaltbar.} Rh3 41. h6 {
Der h-Bauer entscheidet die Partie. Schwarz kann weiterspielen, aber er hat
keine Verteidigung mehr.} Rd3+ 42. Ke1 Rh3 43. Rh8 {Droht 44.Rc8+ mit
Laufergewinn.} Kb7 44. Be3 Bd3 45. Kd2 Bb5 46. Rh7+ Kc6 47. Re7 Kd5 48. h7 {
[%cal Ge3d4,Gd4h8]} Bd3 49. Bd4 1-0

[Event "EU-ch 4th"]
[Site "Istanbul"]
[Date "2003.06.01"]
[Round "3"]
[White "Jaracz, Pawel"]
[Black "Rublevsky, Sergei"]
[Result "0-1"]
[WhiteElo "2549"]
[BlackElo "2670"]
[Annotator "Ribli,Z"]
[PlyCount "66"]
[EventDate "2003.05.30"]
[EventType "swiss"]
[EventRounds "13"]
[EventCountry "TUR"]
[SourceTitle "CBM 096"]
[Source "ChessBase"]
[SourceDate "2003.09.25"]
[SourceVersion "1"]
[SourceVersionDate "2003.09.25"]
[SourceQuality "1"]

1. e4 c5 2. Nf3 e6 3. d4 cxd4 4. Nxd4 Nc6 {Eine kleine Überraschung für Weiß -
GM Rublevsky spielt sonst praktisch immer die Paulsen Variante (4...a6).} 5.
Nc3 a6 {Heutzutage ist 5...Qc7 üblich, der Textzug war einmal vor 20 bis 30
Jahren populär.} 6. Nxc6 (6. Be3) 6... bxc6 7. Bd3 d5 8. O-O Qc7 (8... Nf6 9.
Re1 Bb7 (9... Be7 10. e5 Nd7 11. Na4 $14) 10. e5 Nd7 11. Na4 c5 $11) 9. Qe2 Nf6
10. b3 (10. Bg5 $142 $5 {Dies ist die beste Fortsetzung für Weiß - nach 10...
Bb7 11.f4 Be7 12.e5 behält Weiß Chancen auf Eröffnungsvorteil.}) 10... Be7 (
10... Bd6 11. f4 Bc5+ 12. Kh1 Bd4 13. Bb2 dxe4 14. Bxe4 Rb8 15. Bf3 c5 16. Nd5
Nxd5 17. Bxd4 cxd4 18. Bxd5 O-O 19. Bc4 {1-0 Smirnov,P-Pilaj,H/Patras 2001/CBM
83 ext (54)}) 11. Bb2 (11. f4 c5 $13) 11... O-O (11... Bb7 12. Na4 dxe4 13.
Bxe4 Nxe4 14. Qxe4 c5 15. Qe3 O-O 16. Rad1 Qc6 17. Qg3 f6 18. c4 {1-0 Jansa,
V-Espig,L/Germany 1994/GER-chT2 (57)}) 12. Rae1 Bb7 13. f4 c5 {Schwarz öffnet
die Diagonale für seinen Bb7.} (13... Rfe8 14. e5 Nd7 15. Nd1 f5 16. exf6 Bxf6
17. Qh5 Nf8 18. Bxf6 gxf6 {1-0 Sanden,S-Nordstrom,F/Sweden SWE 2003/ (33)}) 14.
exd5 {[#]} c4 $1 {[%mdl 4] Mit diesem schönen Zug verschafft sich Schwarz gute
taktische Chancen.} (14... Nxd5 15. Nxd5 Bxd5 16. c4 Bc6 17. Qh5 g6 18. Qh6 $18
) 15. Bxc4 (15. bxc4 Qb6+ {[%cal Rb6b2,Rb6g1]} 16. Kh1 Qxb2 17. Rb1 Qxc3 18.
Rxb7 Rae8 19. dxe6 Qa3 $17) 15... Bc5+ 16. Kh1 exd5 17. Bd3 (17. Nxd5 Nxd5 (
17... Bxd5 18. Bxf6 Bxc4 19. Qg4 g6 20. bxc4 $16) 18. Bxd5 Bxd5 19. Qe5 {
[%cal Re5c7,Rb2g7]} Qxe5 20. Rxe5 {[%cal Ge5c5]} Rad8 21. c4 (21. Rd1 Bb7 $19)
21... Ba8 22. Rxc5 Rd2 $19 {[%cal Rd2b2,Rd2g2]}) 17... Bb4 {[%csl Rc3][%cal
Rb4e1]} 18. Nd1 Ne4 $1 {Das ist die Pointe der schwarzen Spielweise! Die Frage
ist: Hat Rublevsky diese ganze Variante zu Hause vorbereitet oder hat er
einfach ein so gutes Gespür in der Paulsen Variante?} (18... Bxe1 19. Bxf6 Qc6
(19... gxf6 20. Qg4+ Kh8 21. Qf5 $18) 20. Be7 $16) 19. c3 (19. Be5 Qb6 20. c3
Bc5 $44) 19... Bc5 $44 {[%csl Gb7,Gc5,Ge4][%cal Gf8e8,Ge8e1] Schwarz hat gutes
Figurenspiel für den Bauern, insbesondere der Ne4 steht ausgezeichnet.} 20. f5
(20. c4 Rae8 21. Be5 Qb6 $44) 20... Rfe8 21. Qh5 $2 (21. Qg4 Nd2 22. c4 f6 23.
Bxf6 Nxf1 24. Rxf1 d4 $1 25. Bg5 $13 (25. Bxd4 $2 Bxd4 26. Qxd4 Rad8 $19))
21... Ng3+ $1 {[%mdl 64]} 22. hxg3 Rxe1 23. Rxe1 Qxg3 $17 {[%cal Rg3e1,Rg3d3]
Schwarz hat eine Figur weniger, aber Weiß kann den Re1 und den Bd3 nicht
gleichzeitig verteidigen.} 24. Re2 Qxd3 {[%csl Gb7,Gc5,Gd3] Während Schwarz
sich des Läuferpaars und aktiven Figurenspiels erfreut, sieht Weiß sich vor
Problemen bei der Koordination seiner Figuren.} 25. Nf2 Qb1+ 26. Kh2 Bd6+ (
26... Qxa2 $17) 27. g3 d4 $19 {[%csl Rh2][%cal Gb7h1,Gd6h2]} 28. Qh4 h5 (28...
Qf1 $19) 29. Qxh5 d3 (29... Qf1 $19) 30. Rd2 Qf1 (30... Qe1 $19) 31. Qh3 Qe1
32. Bc1 Qxc1 33. Rxd3 Bc5 0-1

[Event "Interzonal-14a"]
[Site "Subotica"]
[Date "1987.??.??"]
[Round "17"]
[White "Sax, Gyula"]
[Black "Zapata, Alonso"]
[Result "1-0"]
[WhiteElo "2565"]
[BlackElo "2505"]
[Annotator "Ribli,Z"]
[PlyCount "123"]
[EventDate "1987.06.??"]
[EventType "tourn"]
[EventRounds "17"]
[EventCountry "YUG"]
[EventCategory "11"]
[SourceTitle "CBM 003"]
[Source "ChessBase"]
[SourceDate "1988.04.01"]
[SourceVersion "1"]
[SourceVersionDate "1988.04.01"]
[SourceQuality "1"]

1. e4 c5 2. Nf3 e6 3. d4 cxd4 4. Nxd4 Nc6 5. Nc3 a6 6. Nxc6 bxc6 7. Bd3 d5 8.
O-O Nf6 9. Re1 Bb7 (9... Be7) 10. e5 $1 (10. Bg5) 10... Nd7 11. Na4 Qh4 (11...
Qa5 12. b3 (12. c3 $5 Be7 13. b4 Qc7 14. Qg4) 12... Bb4 13. Re2 $14) 12. b3 Nc5
13. Rb1 $1 (13. Be3 Nxa4 14. bxa4 Qxa4 15. Qb1 Qb4) 13... Nxd3 (13... Be7) 14.
cxd3 Bb4 $2 (14... c5 15. Re3 $5 (15. Ba3 Rc8 16. Rc1 Qd4 $1 {/\} 17. Qc2 c4
18. Bxf8 Rxf8 (18... cxd3 $2 19. Qxc8+ Bxc8 20. Rxc8+ Kd7 21. Bc5 $1 $18) 19.
dxc4 dxc4 20. bxc4 Qg4 21. f3 Bxf3 $13)) 15. Re3 g6 (15... O-O $2 16. Rg3 $18)
16. Rg3 Be7 17. Be3 f5 (17... d4 $2 18. Rh3 $18) 18. exf6 Qxf6 19. Rf3 Qh4 (
19... Qg7 20. Qc1) 20. Qe2 Bc8 21. Qb2 $1 $18 Rf8 22. Rxf8+ Bxf8 23. Nb6 Rb8
24. Qe5 Rxb6 25. Bxb6 Qe7 26. d4 Bg7 27. Qb8 Qb7 28. Qxb7 Bxb7 29. f4 Bf6 30.
Kf2 Bc8 31. Rc1 Bd7 32. Ke3 g5 33. g3 Kf7 34. Bc7 Kg6 35. fxg5 Bxg5+ 36. Bf4
Be7 37. Rc2 h5 38. h3 Ba3 39. Be5 Be8 40. Rf2 Be7 41. Rc2 Ba3 42. Kf4 Be7 43.
h4 Bd8 44. g4 Bxh4 45. gxh5+ Kh6 46. Kg4 Be7 47. Bf4+ Kh7 48. Re2 Bf6 49. Be5
Be7 50. Rf2 Kh6 51. Bf6 Ba3 52. Bg5+ Kh7 53. b4 Kg7 (53... Bxb4 54. Rb2 Bd6 55.
Rb7+ Kg8 56. h6) 54. Bd2 Kg8 55. Kf4 Bxh5 56. Ke5 Bb2 57. Rg2+ Kh7 (57... Kf7
58. Bh6 Bc3 59. Rg7+ Ke8 60. Kxe6 Kd8 61. Bf4) 58. Rh2 Kg6 59. Rh1 a5 60. Rxh5
Kxh5 61. bxa5 c5 62. Be3 1-0

[Event "Asia-ch 4th"]
[Site "Doha"]
[Date "2003.02.23"]
[Round "2"]
[White "Ghaem Maghami, Ehsan"]
[Black "Dao, Thien Hai"]
[Result "1-0"]
[WhiteElo "2500"]
[BlackElo "2560"]
[Annotator "Ribli,Z"]
[PlyCount "55"]
[EventDate "2003.02.22"]
[EventType "swiss"]
[EventRounds "9"]
[EventCountry "QAT"]
[SourceTitle "CBM 094"]
[Source "ChessBase"]
[SourceDate "2003.05.26"]
[SourceVersion "1"]
[SourceVersionDate "2003.05.26"]
[SourceQuality "1"]

1. e4 c5 2. Nc3 Nc6 3. Nf3 e6 4. d4 cxd4 5. Nxd4 a6 6. Nxc6 {Das ist die
prinzipielle Fortsetzung fuer Weiß. Im folgenden bekommt er die Initiative.} (
6. Be3) 6... bxc6 7. Bd3 d5 8. O-O Nf6 9. e5 (9. Re1 $5 Be7 (9... Bb7 10. Bf4
Be7 11. e5 Nd7 12. Na4 $14) 10. e5 Nd7 11. Qg4 (11. Na4 $14) 11... Kf8 (11...
g6 12. Bh6 Rb8 13. Qh3 Bf8 14. Bxf8 Kxf8 15. Qh6+ Kg8 16. b3 Qf8 17. Qg5 Kg7
18. Ne2 Qd8 19. Qg3 c5 20. Nf4 Bb7 21. h4 {1-0 Adams,M-Damljanovic,B/Neum 2002/
CBM 90 (78)}) 12. Na4 c5 13. c4 d4 14. b3 Bb7 15. Qg3 h5 16. h3 g6 17. Bf4 Bh4
18. Qh2 Be7 19. Qg3 Bh4 20. Qh2 Be7 21. Qg3 {1/2-1/2 Benjamin,J-Zaichik,G/
ch-USA, Seattle USA 2003 (21)}) 9... Nd7 10. Re1 Qc7 {Dieser automatische
Damezug ist nicht die beste Moeglichkeit fuer Schwarz. Er moechte den
e5-Bauern angreifen, aber das ist zu optimistisch. Die Alternativen scheinen
mir besser.} (10... c5 11. Qh5 Bb7 12. Bg5 Be7 13. Bxe7 Qxe7 14. b3 h6 15. f4
O-O 16. Rad1 c4 17. bxc4 dxc4 18. Be4 Nc5 {0-1 Khamatgaleev,A-Jansa,V/
Pardubice 1997/CBM 59 ext (31)}) (10... Bb7 11. Na4 Nb6 12. Qg4 h5 13. Qd4 Nd7
14. b3 c5 15. Qf4 c4 16. Bf1 h4 17. Bb2 h3 18. g3 Qc7 19. Bd4 Rc8 20. Qg4 g6
21. Re2 Rh5 22. f4 Nc5 23. Nb2 Ne4 {0-1 Heinatz,T-Jansa,V/Germany 1998/EXT 99 
(77)}) (10... g6 11. Na4 c5 12. c4 d4 13. b3 Bb7 14. Be4 Qc7 15. Qe2 Bg7 16.
Bf4 Rb8 17. Bxb7 Rxb7 18. Nb2 O-O 19. Nd3 {1/2-1/2 Wong Zi Jing-Elbaba,E/
Istanbul 2000/EXT 2001 (101)}) 11. Bf4 g6 (11... Bb7 12. Na4 c5 13. c4 d4 14.
b3 f5 15. Be2 Be7 16. Bh5+ g6 17. Bf3 O-O 18. Bxb7 Qxb7 19. Qd2 Rf7 20. f3 Qc7
21. Rab1 a5 22. Nb2 Qd8 23. Bh6 g5 24. Nd3 Kh8 25. h4 gxh4 26. Nf4 Qb6 27. Nd5
{1-0 Klip,H-Berend,F/Sas van Gent 1998/EXT 99 (44)}) (11... c5 $5 {Schwarz
muss vorsichtig sein, als in einigen Varianten geht das Motiv Nxd5 und e6,
aber jetzt das waere zu frueh.}) 12. Na4 $14 {[%cal Gc2c4][%mdl 4] Das ist ein
typisches positionelles Motiv - Weiß bereitet den Zug 13.c4 vor, wonach er
Initiative am Damenfluegel erhält.} f6 {Schwarz ist optimist - er moechte
einen Bauern gewinnen.} (12... Bg7 13. Qe2 O-O 14. c4 $14) 13. c4 fxe5 (13...
Bb4 $5 14. Re3 fxe5 15. Bg3 $44) 14. Qg4 $1 $36 {Weiß hat großen
Entwicklungsvorteil und alle seine Figuren stehen sehr aktiv.} Nf6 (14... exf4
$4 15. Qxe6+ $18) (14... Kf7 15. Bg3 $44) 15. Qg5 exf4 16. Qxf6 Bg7 17. Rxe6+
$1 {[%mdl 512] Der iranische Großmeister opfert die Qualitaet fuer Angriff.}
Bxe6 18. Qxe6+ Kd8 $2 (18... Kf8 19. cxd5 cxd5 20. Qxd5 Rd8 21. Qf3 $44) 19.
cxd5 $16 Re8 (19... Ra7 20. dxc6 Qe5 21. Qb3) 20. Nc5 $1 {[%csl Rd8] Der weiße
Springer kommt stark ins Spiel - nach Rxe6 kommt immer Nxe6+.} Ra7 (20... Rxe6
21. Nxe6+ Kd7 22. Nxc7 Kxc7 23. Rc1 $16) 21. dxc6 {Weiß hat schon zwei Bauern
fuer die Qualitaet und heftigen Angriff, während der schwarze Koenig in der
Mitte exponiert steht.} Qe5 22. Qb3 $1 Qxb2 23. Qd5+ Kc8 24. Bxa6+ Kb8 25. Qd6+
$18 (25. Nd7+ $18) 25... Rc7 (25... Ka8 26. Bb7+ $18) 26. Nd7+ Ka8 27. Qxc7
Qxa1+ 28. Bf1 {[%csl Ra8][%cal Rc7b7,Rb7a8,Rd7b6,Rb6a8]} 1-0

[Event "Lvov Cup of Galychina"]
[Site "Lvov"]
[Date "2001.12.22"]
[Round "5"]
[White "De Vreugt, Dennis"]
[Black "Kazakov, Mikhail"]
[Result "0-1"]
[WhiteElo "2437"]
[BlackElo "2473"]
[Annotator "Ribli,Z"]
[PlyCount "56"]
[EventDate "2001.12.18"]
[EventType "tourn"]
[EventRounds "11"]
[EventCountry "UKR"]
[EventCategory "11"]
[SourceTitle "CBM 087"]
[Source "ChessBase"]
[SourceDate "2002.03.21"]
[SourceVersion "1"]
[SourceVersionDate "2002.03.21"]
[SourceQuality "1"]

1. e4 c5 2. Nf3 Nc6 3. d4 cxd4 4. Nxd4 e6 5. Nc3 Qc7 6. f4 {Der junge
holländische GM wählt prinzipiell gerne diese Fortsetzung.} a6 (6... Nxd4 7.
Qxd4 a6) 7. Nxc6 bxc6 (7... Qxc6 {7... dxc6 wäre wegen 8.e5 und weißen
Raumvorteils weniger stark.} 8. Bd3) 8. Bd3 (8. e5) 8... d5 (8... d6) 9. O-O
Nf6 10. Qe2 Be7 11. Kh1 (11. b3) 11... O-O 12. Bd2 c5 $13 {[%csl Gc5,Gd5]
Schwarz hat ein starkes Bauernzentrum. In der Folge kann er seinen
weißfldrigen Läufer nach b7 platzieren.} 13. b3 {Weiß versucht, die schwarze
Bauernmasse im Zentrum zu bremsen.} (13. exd5 $6 exd5 14. Nxd5 $2 Nxd5 15. Qe4
Nf6 16. Qxa8 Bb7 $19) 13... Bb7 14. e5 Nd7 15. Rae1 {Weiß bereitet 16.f5 vor
und verteidigt zuvor den Pe5.} (15. Na4 $11 {[%cal Gc2c4] Das ist ein für
solche Stellungen typischer Springerzug. - Weiß möchte anschließend c2-c4
ziehen, um den Zug d5-d4 und damit die Schließung des Zentrums zu provozieren.}
) 15... g6 16. f5 $2 {[%mdl 16384] Dieser Zug ist zu aggressiv - Weiß möchte
am Königsflügel angreifen, aber es gehlen ihm dazu die nötigen Mittel. Er täte
besser daran, die Stellung mit normalen Zügen im Gleichgewicht zu halten.} (16.
Na4 $11) 16... exf5 17. Bh6 (17. e6 Nf6 18. Bh6 Ng4 $17 {[%cal Rc7h2]}) 17...
Bh4 {Ein unerwarteter Zwischenzug - Schwarz kümmert sich nicht mit um den Rf8,
sondern geht zum Gegenangriff auf den Re1 über.} (17... Rfe8 18. e6 $13) 18. e6
$6 {Weiß versucht mit diesem Zug, im Trüben zu fischen.} (18. Bxf8 Nxf8 (18...
Kxf8 {Natürlich geht 18...Bxe1 nicht wegen 19.Bd6, und Weiss gewinnt.} 19. Rd1
d4 $5 $44 (19... Nxe5 20. Bxf5 gxf5 21. Nxd5 Bxd5 22. Rxd5 Ng4 23. g3 Re8 24.
Qxa6 $13)) 19. Rd1 d4 20. Nb1 Re8 $44) 18... Bxe1 (18... Rfe8 19. Bxf5 $13) 19.
Rxe1 Rfe8 $17 {[%cal Ge8e1] Schwarz hat Qualität + Bauern mehr. Weiß hat nicht
mehr als einen Scheinangriff.} 20. Bxf5 {Jetzt droht 21.exf7+ und 22.Be6+.} Qc6
{[%mdl 1024]} (20... gxf5 $2 21. exf7+ Kxf7 22. Qh5+ $18) (20... fxe6 $6 21.
Bxe6+ Kh8 22. Qf3 $132 {Droht 23.Nxd5 Bxd5 und 24.Qc3+.}) (20... Kh8 $17) 21.
Bh3 {Weiß kann seine Stellung nicht entscheidend verbessern. Auch andere Züge
helfen nicht mehr.} fxe6 (21... f5 $17) 22. Bxe6+ Kh8 23. Bf4 {Droht Matt
durch 24.Be5+ oder 24.Qe5+.} h5 $19 {Alles in der schwarzen Stellung ist
verteidigt - Weiß hat keine Kompensation für die Qualität.} 24. Be5+ Kh7 25.
Bxd7 Qxd7 26. Qf2 (26. Na4 Qe7 27. Qf2 Rac8 $19) 26... d4 {[%cal Gb7h1]} 27.
Ne4 Bxe4 28. Rxe4 Qf5 0-1